000
00323nam a22001337a 4500
003
OSt
005
20160727222407.0
008
160624b xxu||||| |||| 00| 0 eng d
100
_9
893
_a
MacDonald, G
245
_a
A Quiet Neibhourhood
260
_a
ILL
_b
Victor Books
_c
1985
300
_a
A Quiet Neibhourhood
942
_2
ddc
_c
BK
999
_c
709
_d
709